Statistics for Asian Countries

Click here to take the quiz!

General Stats

  • This quiz has been taken 62 times
    (30 since last reset)
  • The average score is 36 of 48

Answer Stats

PopulationAnswer% Correct
1.3 bChina
100%
1.2 bIndia
96%
248 mIndonesia
92%
127 mJapan
92%
25.3 mNorth Korea
92%
50 mSouth Korea
92%
89 mVietnam
92%
183 mPakistan
88%
62 mBurma
85%
14 mCambodia
85%
76 mIran
85%
35 mIraq
85%
8 mLaos
85%
30.4 mMalaysia
85%
27 mNepal
85%
30.1 mSaudi Arabia
85%
154 mBangladesh
81%
3.8 mMongolia
81%
5.5 mSingapore
81%
23 mTaiwan
81%
67 mThailand
81%
25.7 mAfghanistan
77%
5.7 mTurkmenistan
77%
8 mUnited Arab Emirates
77%
25.2 mYemen
77%
1.5 mBhutan
73%
8.6 mIsrael
73%
3.9 mKuwait
73%
4.1 mOman
73%
30.2 mUzbekistan
73%
2.6 mArmenia
69%
4.5 mGeorgia
69%
20 mSri Lanka
69%
6.6 mJordan
65%
2 mQatar
65%
8.1 mTajikistan
65%
74 mTurkey
65%
407 kMaldives
62%
98 mPhilippines
62%
22 mSyria
62%
1.9 mBahrain
58%
728 kBrunei
58%
1.2 mEast Timor
58%
17 mKazakhstan
58%
4.4 mLebanon
58%
9.2 mAzerbaijan
50%
6.5 mKyrgyzstan
42%
1.1 mCyprus
35%

Score Distribution

Percentile by Number Answered

Percent of People with Each Score

Your Score History

You have not taken this quiz since the last reset